Подготовка и повышение квалификации специалистов в области метрологии; Измерительная техника; № 8

Detalles Bibliográficos
Parent link:Измерительная техника=Measurement Techniques: научно-технический журнал/ Российская Федерация, Федеральное агентство по техническому регулированию и метрологии (Ростехрегулирование) (Госстандарт России).— , 1940-1941, 1955-.— 0368-1025
№ 8.— 2003.— С. 69-70
Autor principal: Семенко Н. Г.
Otros Autores: Бабушкина З. Н.
Lenguaje:ruso
Publicado: 2003
Colección:Метрологическая служба
Materias:
Formato: Capítulo de libro
KOHA link:https://koha.lib.tpu.ru/cgi-bin/koha/opac-detail.pl?biblionumber=389957

MARC

LEADER 00000naa2a2200000 4500
001 389957
005 20231101063926.0
035 |a (RuTPU)RU\TPU\prd\22613 
090 |a 389957 
100 |a 20040212a2003 k y0rusy50 ca 
101 0 |a rus 
102 |a RU 
200 1 |a Подготовка и повышение квалификации специалистов в области метрологии  |f Н. Г. Семенко, З. Н. Бабушкина 
225 1 |a Метрологическая служба 
461 1 |0 (RuTPU)RU\TPU\prd\1509  |x 0368-1025  |t Измерительная техника  |l Measurement Techniques  |o научно-технический журнал  |f Российская Федерация, Федеральное агентство по техническому регулированию и метрологии (Ростехрегулирование) (Госстандарт России)  |d 1940-1941, 1955- 
463 1 |0 (RuTPU)RU\TPU\prd\17594  |t № 8  |v С. 69-70  |d 2003 
610 1 |a метрология 
610 1 |a квалификация 
610 1 |a образовательные стандарты 
610 1 |a специализации 
610 1 |a повышение 
675 |a 389.1:658.386  |v 3 
700 1 |a Семенко  |b Н. Г. 
701 1 |a Бабушкина  |b З. Н. 
801 1 |a RU  |b 63413507  |c 20040212  |g PSBO 
801 2 |a RU  |b 63413507  |c 20170119  |g RCR 
942 |c BK